000 01302nam a2200253Ia 4500
999 _c56532
_d56532
001 23646
003 GE_BSU
005 20260305111851.0
008 181216s1956||||ge |||||||||||||| ||geo||
040 _cGE_BSU
041 _ageo
080 _a94(479.22:470)"09/15 ც-63
100 _aცინცაძე, ი.
_918922
245 _aძიებანი რუსეთ-საქართველოს ურთიერთობის ისტორიიდან (X-XVI სს) /
_c ი. ცინცაძე ; რედ. შ. მესხია.
264 _aთბილისი :
_bთბილ. უნ-ტის გამ-ბა,
_c1956.
300 _a352 გვ. ;
_c22 სმ.
500 _aდანართი : "საძიებლები", გვ. 333-348
504 _aბიბლიოგრაფია შენიშვნებში
541 _h2ლ. 60თ.
653 _aრუსეთ-საქართველოს ურთიერთობის ისტორია, X-XVI სს.
653 _aძიებანი რუსეთ-საქართველოს ურთიერთობის ისტორიიდან (X-XVI სს).
700 _aმესხია, შ.
_eრედაქტორი
_927054
942 _cBK
_2udc